Teorija plastičnosti dlja inženerov /

Uloženo v:
Podrobná bibliografie
Hlavní autoři: Johnson, W. (Autor), Mellor, P. B. (Autor)
Další autoři: Ovčinikov A. G. (Překladatel)
Médium: Kniha
Jazyk:čeština
Vydáno: Moskva : Mašinostrojenije, 1979
Edice:rz1
On-line přístup: Získat plný text
Tagy: Přidat tag
Žádné tagy, Buďte první, kdo vytvoří štítek k tomuto záznamu!

MARC

LEADER 00000cam a2200000 4500
003 SK-BrCVT
005 20220618084722.0
008 091029s1979 cs e ||||||cze d
035 |a CVTIDWR032650 
040 |a    |b slo  |c    |d   
041 0 |a cze 
044 |a cs 
100 |a Johnson, W.  |4 aut 
245 1 0 |a Teorija plastičnosti dlja inženerov /  |c W. Johnson, P. B. Mellor ; preložil Ovčinikov A. G. 
260 3 |a Moskva :  |b Mašinostrojenije,  |c 1979 
300 |a 566 s. 
700 |a Mellor, P. B.  |4 aut 
700 |a Ovčinikov A. G.  |4 trl 
830 |a rz1 
974 |f Knihy 
999 |c 207453  |d 207453